| 000 | 01449nam a2200253 i 4500 | ||
|---|---|---|---|
| 001 | 117167 | ||
| 005 | 20230410142352.0 | ||
| 008 | 140826s2007 ru abo rb 000 0 eng d | ||
| 020 | _a9785903000043 | ||
| 041 | 0 | _aeng | |
| 050 | 1 | 4 |
_a _b |
| 100 | 1 | _aZhiznin, Stanislav | |
| 245 | 0 | 0 |
_aEnergy Diplomacy / _cStanislav Zhiznin |
| 260 |
_aMoscow, Russia : _bEast Brook, _c2007 |
||
| 300 |
_a607 p. : _bill. _c24 cm. |
||
| 500 | _aIncludes Bibliography | ||
| 505 | 0 | _aBasic Generalities : Russia in world energy system -- " commanding heights " of world energy policy -- Russia in energy markets -- New energy policy and reforming of russian energy industry -- Features of foreingn energy policy of Russia -- Priorities : Global energy diplomacy -- Russian energy policy in the post - soviet space : from the " gosplan " to the euroasian market -- The caspian diplomatic " marathon " : geopolitics and energy -- Russia in Europe -- Russia in Asia -- Russia and the USA : energy dialogue or " cold energy war " -- Energy exporting countries and Russia -- Practice : International transit -- " Diplomacy " of foreign corporations -- Russian companies in the world energy business. | |
| 650 | 0 | _aDiplomatieke betrekkingen. | |
| 650 | 0 | _aEnergieverdeling | |
| 650 | 0 | _aGeopolitiek | |
| 700 | 2 | _aCenter of Energy Diplomacy and Geopolitics.; Clingendael International Energy Programme.; Energy Delta Institute. | |
| 942 |
_2lcc _cbk |
||
| 946 | _aIMRO | ||
| 999 |
_c94408 _d94408 |
||